| 000 | 00000nam##2200000za#4500 |
| 001 | 9.573823 |
| 003 | CaOODSP |
| 005 | 20210624183903 |
| 007 | cr ||||||||||| |
| 008 | 150406|1992||||xxc|||||o f|0| 0 eng|d |
| 022 | |a1488-5379 |
| 040 | |aCaOODSP|beng |
| 043 | |an-cn--- |
| 086 | 1 |aFs97-6/1843E-PDF |
| 110 | 1 |aCanada. |bDepartment of Fisheries and Oceans. |
| 245 | 10|aPotentially exploitable deepwater resources off Atlantic Canada / |h[electronic resource]|cby G. Pohle, T.J. Kenchington and R.G. Halliday. |
| 260 | |aDartmouth - Nova Scotia : |bFisheries and Oceans Canada |c1992. |
| 300 | |a87p.|billus., references, tables |
| 490 | 1 |aCanadian technical report of fisheries and aquatic sciences|x1488-5379|vNo. 1843 |
| 500 | |aThe catalogue number (Fs97-6/1843E) and ISSN (0706-6457) for the print edition have been incorrectly copied in this electronic publication. |
| 546 | |a(Résumé en français) |
| 590 | |a12-22-Supp|b2012-05-24 |
| 720 | 1 |aPohle, G. |
| 720 | 1 |aKenchington, T. J. |
| 720 | 1 |aHalliday, R. G. |
| 776 | 0#|tPotentially exploitable deepwater resources off Atlantic Canada / |w(CaOODSP)9.610025 |
| 830 | #0|aCanadian technical report of fisheries and aquatic sciences,|x1488-5379|vNo. 1843|w(CaOODSP)9.504449 |
| 856 | 40|ahttp://publications.gc.ca|qPDF|s5.75 MB|uhttps://publications.gc.ca/collections/collection_2012/mpo-dfo/Fs97-6-1843-eng.pdf|yNo. 1843 |